le top 10 des relations avec la France - Statistiques

Statistiques générales
  • Ce quiz a été pris 60 fois
    4 depuis la dernière actualisation
  • Le résultat moyen est 7 sur 20
Statistiques - réponses
Top 10 Pays % Correct
2# 0.82 Allemagne
100%
7# 0.78 Royaume-Uni
100%
1# -0.82 Russie
100%
3# 0.80 Belgique
67%
4# 0.80 Italie
67%
10# 0.77 Suède
67%
6# 0.79 Ukraine
67%
6# -0.70 Algerie
33%
10# -0.58 Iran
33%
5# 0.80 Luxembourg
33%
8# 0.78 Maroc
33%
9# 0.78 Pays-Bas
33%
4# -0.72 Afghanistan
0%
8# -0.66 Biélorussie
0%
7# -0.68 Burkina Faso
0%
2# -0.76 Corée du Nord
0%
5# -0.70 Mali
0%
1# 0.89 Monaco
0%
3# -0.72 Niger
0%
9# -0.60 Venezuela
0%
Aucun quiz correspondant
Distribution des résultats
% des personnes avec chaque résultat
Percentile par nombre de réponses
Votre historique - résultats
Vous n’avez pas pris ce quiz depuis la dernière actualisation